LIBRARY & INFORMATION CENTRE, KCAET, TAVANUR

ONLINE PUBLIC ACCESS CATALOGUE (OPAC)

Normal view MARC view
  • Barger E.L.

Entry Personal Name

Number of records used in: 2

001 - CONTROL NUMBER

  • control field: 1343

003 - CONTROL NUMBER IDENTIFIER

  • control field: OSt

005 - DATE AND TIME OF LATEST TRANSACTION

  • control field: 20160827161515.0

008 - FIXED-LENGTH DATA ELEMENTS

  • fixed length control field: 160827|| aca||aabn | a|a d

040 ## - CATALOGING SOURCE

  • Original cataloging agency: OSt
  • Transcribing agency: OSt

100 ## - HEADING--PERSONAL NAME

  • Personal name: Barger E.L.

670 ## - SOURCE DATA FOUND

  • Source citation: Work cat.: (OSt)11333: Kepner R.A. 1341, Principles of Farm Machinery , 2003.
free website counter